000 00542nam a2200193Ia 4500
005 20250508160832.0
008 008 250505s9999 xx 000 0 eng d
020 _a0-398-03026-X
037 _aTextual
040 _aFEDL
_beng
_cFEDL
041 _aeng
_2eng
084 _a372.4, MIL
_qFEDL
100 _aMiller Wilma H Ed.
_9769498
245 0 _aTeaching reading in the secondary school
260 _aSpringfield
_bCharles C Thomas
_c1974
300 _axii,520p
942 _cTEXL
_h372.4, MIL
999 _c1366887
_d1366887